Guess the Olivia Rodrigo song from the bridge - Statistics

General Stats
  • This quiz has been taken 130 times
  • The average score is 8 of 10
Answer Stats
Bridge Song % Correct
(Ah) You said it was true love, but wouldn't that be hard? You can't love anyone 'cause that would mean you had a heart I tried to help you out, now I know that I can't 'Cause how you think's the kind of thing I'll never understand vampire
98%
(Ah-ah-ah) God, I wish that you had thought this through Before I went and fell in love with you (Ah-ah-ah) When she's sleepin' in the bed we made Don't you dare forget about the way traitor
94%
Red lights, stop signs
I still see your face in the white cars, front yards
Can't drive past the places we used to go to
'Cause I still fuckin' love you, babe (Ooh, ooh-ooh, ooh, ooh-ooh)
Sidewalks we crossed
I still hear your voice in the traffic, we're laughing
Over all the noise
God, I'm so blue, know we're through
But I still fuckin' love you, babe (Ooh, ooh-ooh, ooh, ooh-ooh)
drivers license
92%
It's bittersweet to think about the damage that we'd do 'Cause I was goin' down, but I was doin' it with you Yeah, everything we broke and all the trouble that we made But I say that I hate you with a smile on my face Oh, look what we became favorite crime
87%
I apologize if it's a little too much, just a little too soon But if the conversation ever were to come up I don't wanna assume this stuff But ain't it love? Think I'm in love so american
80%
Ooh, do you think I deserved it all? Ooh, your flowers filled with vitriol You built me up to watch me fall You have everything, and you still want more the grudge
80%
And don't you think I loved you too much To be used and discarded? Don't you think I loved you too much To think I deserve nothing? But don't tell me you're sorry, boy Feel sorry for yourself 'Cause someday, I'll be everything to somebody else enough for you
79%
Argument you held over my head Brought up the girls you could have instead Said I was too young, I was too soft Can't take a joke, can't get you off Oh, why do I do this? logical
79%
And I bought all the clothes that they told me to buy I chased some dumb ideal my whole fucking life And none of it matters, and none of it ends You just feel like shit over and over again pretty isn't pretty
78%
There's nothin' left for me to know I had to stay, you had to go And it was mean, but it doesn't matter anymore, though There's nothin' left for me to sing I screamed, I cried, I did the whole thing And I loved you mad, but it doesn't matter anymore, no stranger
62%
No matching quizzes found
Score Distribution
Percent of People with Each Score
Percentile by Number Answered
Your Score History
You have not taken this quiz